Nezamestnanosť mládeže z pohľadu pedagogickej praxe

Podrobná bibliografia
Hlavný autor: Beneš, Jozef, 1934-2011 (Autor)
Médium: Kniha
Jazyk:slovenčina
PhysicalDescription:24 s. 21 cm
Vydavateľské údaje: Banská Bystrica Metodické centrum 1999
ISBN:8080412871
Predmet:

MARC

LEADER 00000nam a2200000 a 4500
001 vtls001384276
003 SK-MaSNL
005 20260301161438.0
008 240314s1999 xo r y slo
015 |a SNBI2000/02-00370 
020 |a 8080412871 
035 |a SNK000338384 
035 |a urn:nbn:sk:snk-amkkri 
035 |a urn:nbn:sk:snk-am0014er 
035 |a F9E8CF2A-AF19-44D0-8B1C-C2025700E68A 
040 |a SNK  |b slo  |c SNK  |e AACR2 
041 0 |a slo 
044 |a xo  |c SK 
080 |a 331.56-053.67:340.133 (094.5)  |2 1981 
080 |a 340.133  |2 1981 
080 |a 364.23  |2 1981 
100 1 |a Beneš, Jozef,  |d 1934-2011  |4 aut  |9 209235 
240 1 0 |a Zákon o zamestnanosti  |s 1998 
245 1 0 |a Nezamestnanosť mládeže z pohľadu pedagogickej praxe  |c Jozef Beneš 
260 |a Banská Bystrica  |b Metodické centrum  |c 1999 
300 |a 24 s.  |c 21 cm 
500 |a 110 výt. 
504 |a Lit. 
650 0 7 |a nezamestnanosť  |x mládež  |x zákony  |x príručky  |2 SNK  |9 524467 
655 7 |a zákony  |2 SNK  |9 70186 
919 |a 80-8041-287-1 
958 |a TL 
999 |c 809496  |d 811426 
952 |t P60, <04>, [BOOK], {604}  |a SNK  |b SNK  |y VYP  |7 0  |p 17A0230748  |o snkSC 101001 D1  |i snkKSP 2636/2000  |0 0  |1 0  |4 0  |d 2000-03-06  |l 0  |r 2005-01-02 00:00:00  |w 2026-02-24 
952 |t P60, <03>, [BOOK], {603}  |a SNK  |b SNK  |y PREZ  |7 0  |p 17A0230747  |o snkSC 101001  |i snkKSP 2635/2000  |0 0  |1 0  |4 0  |d 2000-03-06  |f 1  |l 0  |r 2025-09-19 00:00:00  |w 2026-02-24